Miniaturas histórico-jurídicas
Saved in:
| Hovedforfatter: | |
|---|---|
| Format: | Bog |
| Sprog: | spansk |
| Udgivet: |
Barcelona
Ariel
1992
|
| Serier: | Ariel derecho, 107
|
| Fag: | |
| Tags: |
Tilføj Tag
Ingen Tags, Vær først til at tagge denne postø!
|
MARC
| LEADER | 00000nam a2200000 a 4500 | ||
|---|---|---|---|
| 001 | UCR2777 | ||
| 003 | CL-VaPUC | ||
| 005 | 20220323170703.0 | ||
| 008 | 980116e19920000SP |||||||||||||||||spa|d | ||
| 999 | |c 265906 |d 265904 | ||
| 040 | |c Pontificia Universidad Católica de Valparaíso | ||
| 082 | 0 | 4 | |a 340.54 |b IGL |2 21 |
| 100 | |a Iglesias Santos, Juan |e autor |9 857449 | ||
| 245 | 1 | 0 | |a Miniaturas histórico-jurídicas |
| 260 | |a Barcelona |b Ariel |c 1992 | ||
| 300 | |a 187 p | ||
| 490 | 0 | |a Ariel derecho, 107 | |
| 583 | |a last modification |c 19980116 00:00:00 |k Rodrigo Vera | ||
| 650 | 0 | |a Derecho romano |9 255930 | |
| 650 | 0 | |a Justicia |9 255408 | |
| 650 | 7 | |a LEY |2 CL-VaPUC |9 401126 | |
| 650 | 0 | |a Política |9 255312 | |
| 650 | 0 | |a Libertad |9 255686 | |
| 650 | 0 | |a Historia |9 255047 | |
| 650 | 7 | |a METODO HISTORICO |2 CL-VaPUC |9 335553 | |
| 650 | 7 | |a INVESTIGACIONES |2 CL-VaPUC |9 261211 | |
| 651 | 7 | |a IMPERIO ROMANO |2 CL-VaPUC |9 401127 | |
| 852 | |a BIBCUR | ||
| 942 | |c BK |2 ddc | ||
| 945 | |d 19980116 00:00:00 |a aolguin | ||
| 952 | |0 0 |1 0 |4 0 |6 340_540000000000000_IGL_1992 |7 0 |8 DER_ROM |9 297047 |a BIBDER |b BIBDER |d 2019-11-20 |i 1931962 |o 340.54 IGL 1992 |p 1931962 |r 2023-01-25 |w 2019-11-20 |x Ubicación 4to piso |y BK |z Este recurso debe solicitarse con anticipación |k DER | ||